000 04317nam a22002657a 4500
001 5150503
003 UA-OsUOA
005 20201109125645.0
008 200409b un ||||| m||| 00| 0 ukr d
040 _aUA-OsUOA
_bukr
_cUA-OsUOA
_dUA-OsUOA
041 _aukr
080 _a343.985(477)
090 _a343.985(477)
095 _a12.00.09
_bкримінальний процес та криміналістика; судова експертиза; оперативно-розшукова діяльність
100 _aФедорова О. Ф.
245 _aОсобливості розслідування і розгляду у суді кримінальних справ щодо вбивств новонароджених дітей
_cФедорова Оксана Федорівна ; наук. керівник Волобуєв Анатолій Федотович
260 _aДонецьк
_c2014
300 _a20 с.
502 _6Автореферат дисертації на здобуття наукового ступеня кандидата юридичних наук
_cДонецький юридичний інститут
_d2014
520 _aДисертація є комплексним монографічним дослідженням особливостей розслідування вбивств новонароджених дітей і судового розгляду. На основі узагальнення матеріалів кримінальних справ та аналізу наукових праць відзначається, що вбивства новонароджених дітей є окремою групою вбивств у зв’язку із специфічним механізмом вчинення та доказування обставин цього злочину під час досудового розслідування і судового розгляду. Ця специфіка знаходить відображення в елементах криміналістичної характеристики цього різновиду злочинів: жертви злочину, якою є новонароджена дитина; особи злочинця, яким може бути як жінка-породілля, так й інші особи; просторово-часових факторах; способах вбивств немовлят і характерних слідах. В дисертації визначені особливості досудового розслідування вбивств новонароджених дітей, які проявляються в характері вирішуваних завдань в певних ситуаціях на початковому і наступному етапах розслідування і засобах їх вирішення — тактичних операціях, як комплексах слідчих і розшукових дій. На основі аналізу положень КПК України 2012 р. розглянуті особливості тактики проведення окремих слідчих (розшукових) дій: огляду місця події, обшуку, допитів, експертиз. Визначені особливості планування та організації судового розгляду справ про вбивства новонароджених дітей, послідовність у проведенні судових дій (допитів обвинувачених, потерпілих, свідків та експертів, призначенні експертиз). Звертається увага на особливості доказування у судовому засіданні психоемоційного стану жінки-породіллі під час пологів і після них.
650 _2UDC
_a343 Кримінальне право. Карні порушення
942 _2udc
_cAR
955 _a1
999 _c458811
_d458811